00376cam a2200133 a 4500020001600000020001600016040000800032082002600040245003100066246003000097260005600127300003900183700002000222 a0520074742  a0520074750  cDLC00a952 UNI 1993 A099 Or.00aPostwar Japan as history /3 aPost-war Japan as history aBerkeley :bUniversity of California Press,cc1993. axii, 496 p. :bill., map ;c24 cm.1 aGordon, Andrew,